<?xml version="1.0" encoding="UTF-8"?>
<record
    xmlns:xsi="http://www.w3.org/2001/XMLSchema-instance"
    xsi:schemaLocation="http://www.loc.gov/MARC21/slim http://www.loc.gov/standards/marcxml/schema/MARC21slim.xsd"
    xmlns="http://www.loc.gov/MARC21/slim">

  <leader>02207nam a22003377a 4500</leader>
  <datafield tag="999" ind1=" " ind2=" ">
    <subfield code="c">21791</subfield>
    <subfield code="d">21791</subfield>
  </datafield>
  <controlfield tag="003">AR-CdUCM</controlfield>
  <controlfield tag="008">190425b           ||||| |||| 00| 0 spa d</controlfield>
  <datafield tag="040" ind1=" " ind2=" ">
    <subfield code="a">MUNICIPALIDAD PROVINCIAL DEL CUSCO</subfield>
    <subfield code="c">BIBLIOTECA MUNICIPAL DEL CUSCO</subfield>
  </datafield>
  <datafield tag="082" ind1=" " ind2=" ">
    <subfield code="a">Rev.IAAC/N&#xB0;6/1952</subfield>
  </datafield>
  <datafield tag="110" ind1=" " ind2=" ">
    <subfield code="a">Instituto Americano de Arte del Cuzco</subfield>
    <subfield code="9">43770</subfield>
  </datafield>
  <datafield tag="245" ind1=" " ind2=" ">
    <subfield code="a">Revista del Instituto Americano de Arte /</subfield>
  </datafield>
  <datafield tag="260" ind1=" " ind2=" ">
    <subfield code="a">Cusco :</subfield>
    <subfield code="b">Talleres gr&#xE1;ficos La Econ&#xF3;mica,</subfield>
    <subfield code="c">1952.</subfield>
  </datafield>
  <datafield tag="300" ind1=" " ind2=" ">
    <subfield code="a">272 [4] p&#xE1;ginas. :</subfield>
    <subfield code="b">ilustraciones ;</subfield>
    <subfield code="c">24 cm.</subfield>
  </datafield>
  <datafield tag="440" ind1=" " ind2=" ">
    <subfield code="a">Revista del Instituto Americano de Arte Cuzco.</subfield>
    <subfield code="n">A&#xF1;o VI, [?] semestre de 1952, N&#xB0;6. Vol.II</subfield>
    <subfield code="9">46121</subfield>
  </datafield>
  <datafield tag="505" ind1=" " ind2=" ">
    <subfield code="a">Contenido: Por la liberaci&#xF3;n del Coricancha. Uriel Garc&#xED;a. -- El obispo de las an&#xE9;cdotas. Luis Felipe Paredes. -- El templo del Sol o Qoricancha. Manuel Ch&#xE1;vez Ball&#xF3;n. -- Portadas y balcones del Cusco. Julio Guti&#xE9;rrez. -- Garcilaso de la Vega y su Florida del Inca. Jos&#xE9; Gabriel Cosio. -- El primer congreso internacional de peruanistas. Horacio Villanueva. -- Mariano Corvacho y su obra pict&#xF3;rica. Ernesto Corvacho. Ernesto Corvacho. -- El progreso musical en el Cuzco. Miguel &#xC1;ngel Nieto. -- Instituto de Folklore y lengas ind&#xED;genas del Cuzco. V&#xED;ctor Navarro del &#xC1;guila. -- Paucartambo el hermoso pueblo. Roberto La Torre. -- El kallamacho. Lizandro Luna. -- Tradiciones e indigenismo en busca de una expresi&#xF3;n del Cuzco. Emilio Mendizabal. -- Notas sobre el estilo colonial y la reconstrucci&#xF3;n del Cuzco. Mario Escobar Moscoso. -- El l&#xE9;xico en la especulaci&#xF3;n Filos&#xF3;fica. Fernando Manrique. -- Ideas para una teor&#xED;a de la literatura. Gustavo P&#xE9;rez Ocampo...</subfield>
  </datafield>
  <datafield tag="650" ind1=" " ind2=" ">
    <subfield code="a">Tradiciones cusque&#xF1;as</subfield>
    <subfield code="9">31110</subfield>
  </datafield>
  <datafield tag="650" ind1=" " ind2=" ">
    <subfield code="a">Fiestas populares</subfield>
    <subfield code="9">34730</subfield>
  </datafield>
  <datafield tag="650" ind1=" " ind2=" ">
    <subfield code="a">Folcklore</subfield>
    <subfield code="9">46108</subfield>
  </datafield>
  <datafield tag="650" ind1=" " ind2=" ">
    <subfield code="a">Literatura cusque&#xF1;a</subfield>
    <subfield code="9">46110</subfield>
  </datafield>
  <datafield tag="650" ind1=" " ind2=" ">
    <subfield code="a">Poetas cusque&#xF1;os</subfield>
    <subfield code="9">5956</subfield>
  </datafield>
  <datafield tag="650" ind1=" " ind2=" ">
    <subfield code="a">Arte cusque&#xF1;o</subfield>
    <subfield code="9">13165</subfield>
  </datafield>
  <datafield tag="650" ind1=" " ind2=" ">
    <subfield code="a">Qorikancha</subfield>
    <subfield code="9">30993</subfield>
  </datafield>
  <datafield tag="700" ind1=" " ind2=" ">
    <subfield code="a">Guti&#xE9;rrez Loayza, Julio</subfield>
    <subfield code="9">46116</subfield>
  </datafield>
  <datafield tag="700" ind1=" " ind2=" ">
    <subfield code="a">Navarro del &#xC1;guila, V&#xED;ctor</subfield>
    <subfield code="9">32360</subfield>
  </datafield>
  <datafield tag="700" ind1=" " ind2=" ">
    <subfield code="a">Uriel Garc&#xED;a, Uriel</subfield>
    <subfield code="9">46122</subfield>
  </datafield>
  <datafield tag="700" ind1=" " ind2=" ">
    <subfield code="a">Escobar Moscoso, Mario</subfield>
    <subfield code="9">31091</subfield>
  </datafield>
  <datafield tag="700" ind1=" " ind2=" ">
    <subfield code="a">Ch&#xE1;vez Ball&#xF3;n, Manuel</subfield>
    <subfield code="9">45977</subfield>
  </datafield>
  <datafield tag="700" ind1=" " ind2=" ">
    <subfield code="a">P&#xE9;rez Ocampo, Gustavo</subfield>
    <subfield code="9">46123</subfield>
  </datafield>
  <datafield tag="942" ind1=" " ind2=" ">
    <subfield code="2">ddc</subfield>
    <subfield code="c">PP</subfield>
  </datafield>
  <datafield tag="945" ind1=" " ind2=" ">
    <subfield code="a">rac</subfield>
  </datafield>
  <datafield tag="952" ind1=" " ind2=" ">
    <subfield code="0">0</subfield>
    <subfield code="2">ddc</subfield>
    <subfield code="4">0</subfield>
    <subfield code="7">0</subfield>
    <subfield code="a">HEM</subfield>
    <subfield code="b">HEM</subfield>
    <subfield code="c">CART</subfield>
    <subfield code="d">2021-07-30</subfield>
    <subfield code="g">10.00</subfield>
    <subfield code="o">Rev.IAAC/N&#xB0;6/1952</subfield>
    <subfield code="p">REVC000232</subfield>
    <subfield code="r">2021-07-30</subfield>
    <subfield code="y">PP</subfield>
  </datafield>
</record>
